000 00525nam a2200205Ia 4500
008 210210b2009 xxu||||| |||| 00| 0 eng d
020 _a9780521747523
041 _aeng
082 _a338.98 LOML
100 _aLOMBORG (Bjorn) Ed
245 _aLatin American development priorities
260 _aCambridge
_bCambridge University Press
_c2009
300 _axxviii,695
650 _apriorities
650 _aLatin
650 _adevelopment
650 _aAmerican
690 _aEconomic Development
906 _a069138
999 _c153243
_d153243